[Event "Legnica"]
[Site "Legnica"]
[Date "1996.??.??"]
[Round "1"]
[White "Nizialek, Ryszard"]
[Black "Czerwonski, Aleksander"]
[Result "0-1"]
[WhiteElo "2180"]
[BlackElo "2400"]
[PlyCount "52"]
[EventDate "1996.??.??"]
[EventType "tourn"]
[EventRounds "9"]
[EventCountry "POL"]
[EventCategory "4"]
[SourceTitle "EXT 1999"]
[Source "ChessBase"]
[SourceDate "1998.11.16"]
[SourceVersion "1"]
[SourceVersionDate "1998.11.16"]
[SourceQuality "1"]

1. c4 e5 2. Nc3 d6 3. Nf3 f5 4. d4 e4 5. Nd2 c6 6. e3 Nf6 7. Be2 Be7 8. 0-0 0-0 9. f3 d5 10. f4 Be6 11. a3 Na6 12. b4 Nc7 13. c5 Ng4 14. Nb3 Qe8 15. Bd2 Kh8 16. Rb1 g5 17. a4 gxf4 18. exf4 Rg8 19. Bxg4 Rxg4 20. Qe2 Bf7 21. Nd1 Bh5 22. Qf2 Ne6 23. g3 Qg6 24. Qg2 Rg8 25. Ne3 Rxf4 26. gxf4 Qf7 0-1

[Event "Legnica"]
[Site "Legnica"]
[Date "1996.??.??"]
[Round "3"]
[White "Nizialek, Ryszard"]
[Black "Kalinin, Oleg"]
[Result "0-1"]
[WhiteElo "2180"]
[BlackElo "2420"]
[PlyCount "86"]
[EventDate "1996.??.??"]
[EventType "tourn"]
[EventRounds "9"]
[EventCountry "POL"]
[EventCategory "4"]
[SourceTitle "EXT 1999"]
[Source "ChessBase"]
[SourceDate "1998.11.16"]
[SourceVersion "1"]
[SourceVersionDate "1998.11.16"]
[SourceQuality "1"]

1. Nf3 g6 2. d4 Bg7 3. c4 d6 4. Nc3 Nd7 5. e4 e5 6. Be2 Ngf6 7. 0-0 0-0 8. d5 Nc5 9. Qc2 a5 10. b3 Bd7 11. Be3 Ne8 12. Nd2 f5 13. f3 Bf6 14. a3 Bg5 15. Bxg5 Qxg5 16. b4 Na6 17. Rab1 axb4 18. axb4 Ng7 19. Rf2 Nh5 20. Bf1 Qe7 21. g3 f4 22. g4 Ng7 23. Qb3 Kh8 24. Rc1 h5 25. h3 Qh4 26. Ne2 b6 27. Ra1 Ne8 28. Qc3 Nf6 29. Nb3 Kg7 30. b5 Nc5 31. Nxc5 bxc5 32. Rxa8 Rxa8 33. Rg2 hxg4 34. hxg4 Nh7 35. Rh2 Qf6 36. Qb2 Ng5 37. Kf2 Bxg4 38. fxg4 Nxe4+ 39. Ke1 f3 40. Nc3 f2+ 41. Kd1 Qf3+ 42. Ne2 Qd3+ 43. Kc1 Ra4 0-1

[Event "Legnica"]
[Site "Legnica"]
[Date "1996.??.??"]
[Round "7"]
[White "Saskowski, Jacek"]
[Black "Nizialek, Ryszard"]
[Result "1/2-1/2"]
[WhiteElo "2315"]
[BlackElo "2180"]
[PlyCount "21"]
[EventDate "1996.??.??"]
[EventType "tourn"]
[EventRounds "9"]
[EventCountry "POL"]
[EventCategory "4"]
[SourceTitle "EXT 1999"]
[Source "ChessBase"]
[SourceDate "1998.11.16"]
[SourceVersion "1"]
[SourceVersionDate "1998.11.16"]
[SourceQuality "1"]

1. c4 Nf6 2. Nc3 c5 3. e4 d6 4. Nf3 b6 5. d4 cxd4 6. Nxd4 Bb7 7. Bd3 e6 8. 0-0 Be7 9. b3 Nbd7 10. Qe2 0-0 11. Bb2 1/2-1/2